Plan Estadístico Nacional República Dominicana 2013-2016 : (Registro nro. 15419)

Detalles MARC
000 -CABECERA
campo de control de longitud fija 01938nam a2200337 a 4500
001 - NÚMERO DE CONTROL
campo de control 000017883
003 - IDENTIFICADOR DEL NÚMERO DE CONTROL
campo de control DO-SdBPM
005 - FECHA Y HORA DE LA ÚLTIMA TRANSACCIÓN
campo de control 20250922114241.0
007 - CAMPO FIJO DE DESCRIPCIÓN FÍSICA--INFORMACIÓN GENERAL
campo de control de longitud fija ta
008 - DATOS DE LONGITUD FIJA--INFORMACIÓN GENERAL
campo de control de longitud fija 100407s2013 dr ad 000 0 spa d
040 ## - FUENTE DE LA CATALOGACIÓN
Centro catalogador/agencia de origen DO-SdBPM
Lengua de catalogación spa
Centro/agencia transcriptor BPMSU
Centro/agencia modificador rda
082 #4 - NÚMERO DE LA CLASIFICACIÓN DECIMAL DEWEY
Número de clasificación 317.2932
Número de documento/Ítem R426pl 2013
Número de edición 22
092 ## - ASIGNACIÓN LOCAL DE SIGNATURA TOPOGRÁFICA DEWEY (OCLC)
Número de clasificación
Número de documento/Ítem
110 1# - ENTRADA PRINCIPAL--NOMBRE DE ENTIDAD CORPORATIVA
Nombre de entidad corporativa o nombre de jurisdicción como elemento de entrada República Dominicana
Unidad subordinada Oficina Nacional de Estadística
245 00 - MENCIÓN DE TÍTULO
Título Plan Estadístico Nacional República Dominicana 2013-2016 :
Resto del título más y mejores estadísticas para el desarrollo nacional /
Mención de responsabilidad, etc. presentación Pablo Tactuk.
246 13 - FORMA VARIANTE DE TÍTULO
Título propio/Titulo breve Plan Estadístico Nacional (PEN)
264 ## - PRODUCCIÓN, PUBLICACIÓN, DISTRIBUCIÓN, FABRICACIÓN Y COPYRIGHT
Producción, publicación, distribución, fabricación y copyright Santo Domingo :
Nombre del de productor, editor, distribuidor, fabricante Oficina Nacional de Estadística (ONE)
Fecha de producción, publicación, distribución, fabricación o copyright 2013
Nombre del de productor, editor, distribuidor, fabricante
300 ## - DESCRIPCIÓN FÍSICA
Extensión 202 páginas :
Otras características físicas ilustración, diagramas ;
Dimensiones 28 cm.
336 ## - TIPO DE CONTENIDO
Término de tipo de contenido texto
Código de tipo de contenido txt
Fuente rdacontent
337 ## - TIPO DE MEDIO
Nombre/término del tipo de medio sin mediación
Código del tipo de medio n
Fuente rdamedia
338 ## - TIPO DE SOPORTE
Nombre/término del tipo de soporte volumen
Código del tipo de soporte nc
Fuente rdacarrier
505 0# - NOTA DE CONTENIDO CON FORMATO
Nota de contenido con formato Presentación 9 -- Resumen ejecutivo 11 -- 1. Introducción 15 -- 2. La información estadística en la agenda de políticas públicas del gobierno 15 -- 3. Asistencia técnica y donaciones recientes y en curso de organismos multilaterales para el desarrollo estadístico 16 -- 4. Iniciativas de desarrollo estadístico 17 -- 5. Proceso de preparación del Plan Estadístico Nacional (PEN) 20 -- Parte 1: Descripción del sistema estadísco nacional 26 --L 26 -- Parte 2: Diagnóstico de la producción estadística 31 -- Parte 3: Plan estadístico nacional 68 -- Parte 4: Anexos y referencias bibliográficas 91 -- Referencias bibliográficas 200.
590 ## - NOTA LOCAL (RLIN)
Nota local Inventariado, 2025/VM
650 #7 - PUNTO DE ACCESO ADICIONAL DE MATERIA--TÉRMINO DE MATERIA
Término de materia o nombre geográfico como elemento de entrada Estadísticas
Subdivisión geográfica República Dominicana
651 #7 - PUNTO DE ACCESO ADICIONAL DE MATERIA--NOMBRE GEOGRÁFICO
Nombre geográfico República Dominicana
Subdivisión general Planificación estratégica
--
651 #7 - PUNTO DE ACCESO ADICIONAL DE MATERIA--NOMBRE GEOGRÁFICO
Nombre geográfico República Dominicana
Subdivisión general Desarrollo social
651 #4 - PUNTO DE ACCESO ADICIONAL DE MATERIA--NOMBRE GEOGRÁFICO
Nombre geográfico República Dominicana
Subdivisión general Desarrollo económico
700 1# - PUNTO DE ACCESO ADICIONAL--NOMBRE DE PERSONA
Nombre de persona Tactuk, Pablo
Término indicativo de función/relación presentación
910 ## - DATOS DE OPCIÓN DEL USUARIO (OCLC)
Datos de opción del usuario VMateo V. Control de calidad BPMSU
942 ## - ELEMENTOS DE PUNTO DE ACCESO ADICIONAL (KOHA)
Fuente del sistema de clasificación o colocación Dewey Decimal Classification
Tipo de ítem Koha Libros
Existencias
Estado de retiro Estado de pérdida Fuente del sistema de clasificación o colocación No para préstamo Código de colección Localización permanente Ubicación/localización actual Fecha de adquisición Total de préstamos Signatura topográfica completa Código de barras Fecha visto por última vez Precio válido a partir de Tipo de ítem Koha Número de copia
    Dewey Decimal Classification   Colección Dominicana Biblioteca Pública Metropolitana Salomé Ureña Biblioteca Pública Metropolitana Salomé Ureña 09/22/2025   BPMSU CD 317.2932 R426pl 2013 BPMSU25090119 09/22/2025 09/22/2025 Libros  
    Dewey Decimal Classification   Colección Dominicana Biblioteca Pública Metropolitana Salomé Ureña Biblioteca Pública Metropolitana Salomé Ureña 09/22/2025   BPMSU CD 317.2932 R426pl 2013 BPMSU25090120 09/22/2025 09/22/2025 Libros e.2
    Dewey Decimal Classification   Colección Dominicana Biblioteca Pública Metropolitana Salomé Ureña Biblioteca Pública Metropolitana Salomé Ureña 09/22/2025   BPMSU CD 317.2932 R426pl 2013 BPMSU25090121 09/22/2025 09/22/2025 Libros e.3